000 00719nam a22002890a 4500
001 PT34108
003 AR-LpoUNG
005 20210131230145.0
008 191001s2009||||ag |||||||||||||||||spa d
020 _a9500724227
_c$6.25
040 _aAR-LpoUNG
_bspa
_cAR-LpoUNG
_eaacr
041 _aspa
044 _aag
082 0 _a808.068 3 221llu
100 1 _aCanela
245 1 0 _aPara cuando llueve
250 _a3ra. ed.
260 _aBuenos Aires :
_bSudamericana,
_c2009.
300 _a31 p. :
_bil.
650 4 _aCUENTOS
650 4 _aLITERATURA
651 4 _aDOCUMENTOS TEORICOS O METODOLOGICOS
653 _aLITERATURA INFANTIL
700 1 _aLegnazzi, Claudia
_eil.
905 _a34108
942 _cLIB
999 _c1799
_d1799